1799 1557 1337 1792 1808 1913 1452 1740 1577 1015 1112 1579 1420 1554 1288 1460 1107 1264 1804 1297 1447 1443 1458 1235 1726 1823 1309 1659 1536 1049 1971 1912 1526 1524 1231 1940 1030 1577 1565 1522 1064 1130 1747 1102 1002 1107 1661 1051 1195 1517 1397 1105 1840 1915 1495 1696 1781 1933 1616 1811 1186 1591 1938 1035 1218 1560 1008 1041 1348 1252 1392 1403 1775 1701 1370 1008 1429 1404 1241 1500 1991 1075 1726 1847 1073 1918 1047 1639 1656 1212 1852 1582 1820 1648 1426 1521 1208 1416 1713 BCNSPRNW ULIB Ver.6.0+V

เปลี่ยนเป็นภาษาไทย

Change to English
 แสดงรายละเอียดบรรณานุกรม
  กลับหน้าหลัก

Brief Record : Get Marc (ISO 2709) : E-mail record : QR code < ปิดหน้าต่าง
LEADER : 00000nam 2200000uu 4500
001    13399128862
003     ULIB
008    241021s2565||||th 000 0 tha d
020    ^a9789749747759
050    ^aนว^bท471ท
100    ^aทิพย์ นาถสุภา
245    ^aทิพยนิมิต/^cทิพย์ นาถสุภา
260    ^aกรุงเทพฯ :^bชนนิยม,^c2565
300    ^a143 หน้า;^b21 ซม.
650    ^aวรรณคดีสันสกฤต
945    ^p350^l0^i011121
999    ^aประนอม เกษจรัล
รายการนี้ยังไม่มีแท็ก
คุณยังไม่ได้ล็อกอิน คุณสามารถมีกิจกรรมร่วมกับเว็บไซต์ได้ แต่ต้องล็อกอินก่อน ::
  ล็อกอิน

รายการสื่อสารสนเทศ

ลำดับที่ ประเภท เลขเรียก/บาร์โค้ด สถานที่ สถานะ
1. นวนิยาย
นวนิยาย
นว ท471ท ฉ.1 
  Barcode: 011121
ห้องสมุดวิทยาเขตสวรรค์ประชารักษ์
►นวนิยาย
บนชั้น
  ขอยืม

รายการใกล้เคียง
    ผู้แต่ง [ทิพย์ นาถสุภา]

    หัวเรื่อง [วรรณคดีสันสกฤต]

BibComment


ยังไม่เคยถูกคอมเมนท์

คอมเมนท์ทรัพยากรรายการนี้
  คอมเมนท์: ทิพยนิมิต ทิพย์ ..


 Copyright 2026. Bcnsprnw @Library